Harmonics sidebands and transients in communication engineering / (Record no. 182524)
[ view plain ]
| 000 -LEADER | |
|---|---|
| fixed length control field | 01332 a2200169 4500 |
| 003 - CONTROL NUMBER IDENTIFIER | |
| control field | Nust |
| 005 - DATE AND TIME OF LATEST TRANSACTION | |
| control field | 20221208172001.0 |
| 040 ## - CATALOGING SOURCE | |
| Transcribing agency | Nust |
| 082 ## - DEWEY DECIMAL CLASSIFICATION NUMBER | |
| Classification number | 621.382,CUC |
| 100 ## - MAIN ENTRY--PERSONAL NAME | |
| Personal name | C. Louis Cuccia |
| 9 (RLIN) | 104494 |
| 245 ## - TITLE STATEMENT | |
| Title | Harmonics sidebands and transients in communication engineering / |
| Statement of responsibility, etc. | C. Louis Cuccia |
| 260 ## - PUBLICATION, DISTRIBUTION, ETC. | |
| Place of publication, distribution, etc. | New York |
| Name of publisher, distributor, etc. | Mc Graw-Hill |
| Date of publication, distribution, etc. | 1952 |
| 300 ## - PHYSICAL DESCRIPTION | |
| Extent | 465p |
| 505 ## - FORMATTED CONTENTS NOTE | |
| Formatted contents note | Elementary Functions Of A Complex Variable (Page-1), Periodic Wave Analysis (Page-24), Nonperiodic Waves (Page-44), The Laplace Transform (Page-56), Complex Waves In Radio, TV And Radar (Page-71), Linear Network Analysis (Page-93), Harmonic Distortion (Page-123), Gaseous-Rectifier-Tube Circuits (Page-156), Harmonics And Transients In Amplifiers (Page-187), Integrating, Differentiating And Scanning Systems For TV (Page-204), Reactance Tubes, Frequency Stabilization And Phase Synchronization (Page-213), Modulation System In Electrical Comm. (Page-230), Amplitude Modulated Waves (Page-241), Single Tone Frequency Modulation (Page-255), Single Tone Phase Modulation (Page-271), Spectral Analysis Of Finite Wave Trains (Page-318), Wave Transmission Through Linear Networks (Page-344), Travelling Waves In Communication Sys (Page-374), Reception In Electrical Comm. (Page-419). |
| 650 ## - SUBJECT ADDED ENTRY--TOPICAL TERM | |
| Topical term or geographic name entry element | Telecommunications engineering, |
| 9 (RLIN) | 58485 |
| 942 ## - ADDED ENTRY ELEMENTS (KOHA) | |
| Source of classification or shelving scheme | |
| Koha item type | Book |
| Withdrawn status | Lost status | Source of classification or shelving scheme | Damaged status | Not for loan | Permanent Location | Current Location | Shelving location | Date acquired | Full call number | Barcode | Date last seen | Price effective from | Koha item type | Public note |
|---|---|---|---|---|---|---|---|---|---|---|---|---|---|---|
| Military College of Signals (MCS) | Military College of Signals (MCS) | General Stacks | 12/12/2016 | 621.382,CUC | MCS7243 | 12/08/2016 | 12/12/2016 | Book | Almirah No.35, Shelf No.2 |
